000 01457nam0a22003491 4500
001 RU\INFOCOMM_190\NLR\5000178302
005 20250613102340.0
035 _a(NLR Aleph) 009440980
090 _a8344430
_c8344430
100 _a20121119d1985 |||y0rusy50 ca
101 0 _aspa
_arus
_grus
102 _aCU
_aRU
105 _aa z |||||
200 1 _aПервые шаги-2
_dLos primeros pasos-2
_eIdioma ruso
_e[Octavo grado]
_eCuaderno de trabajo
_fRicardo L. Hernández Arocha, Elina Yúrievna Sosenko, Liudmila Stepánovna Sivenko
_zspa
205 _a5-a reimpr.
210 _aLa Habana
_aM.
_cPueblo y educación
_cIdioma ruso
_d1985
215 _a127 с.
_cил., цв. ил.
_d21 см
300 _aВ вып. дан. на вклейке: Первые шаги-2: Рабочая тетр. / Рикардо Луис Эрнандес Ароча и др. - 5-е изд.
510 1 _aLos primeros pasos-2
_zspa
620 _aCiudad de La Habana
686 _aШ141.12-93исп21
_2rubbk
686 _aЯ188-1600исл,6 кл.
_2rubbk
700 1 _aHernández Arocha
_bR. L.
_gRicardo Luis
701 1 _9z04790
_aSosenko
_bE. J.
_gÉllina Jur'evna
701 1 _9z05790
_aSivenko
_bL. S.
_gLjudmila Stepanovna
790 1 _9z04701
_aSosenko
_bE. Y.
_gElina Yúrievna
_4070
790 1 _9z05701
_aSivenko
_bL. S.
_gLiudmila Stepánovna
_4070
801 1 _aRU
_bNLR
_c20121030
801 0 _aRU
_bINFOCOMM
_gPSBO
852 _aNLR
_jЯ61 Д-3/584
942 _cBOOK
980 _aNB